Les 15 départements avec le plus de familles de 3 enfants au moins - Statistiques

Statistiques générales
  • Ce quiz a été pris 24 fois
  • Le résultat moyen est 10 sur 15
Statistiques - réponses
Rang
% de familles de trois enfants ou +
(- de 25 ans)
Département % Correct
4 11.8 Nord
96%
1 17.0 Seine-Saint-Denis
87%
6 11.7 Val-de-Marne
87%
3 12.1 Essonne
83%
13 10.2 Loire
83%
9 10.6 Pas-de-Calais
83%
8 11.5 Rhône
83%
2 14.2 Val-d'Oise
83%
6 11.7 Yvelines
78%
12 10.4 Hauts-de-Seine
74%
4 11.8 Seine-et-Marne
70%
10 10.5 Oise
57%
15 10.1 Eure-et-Loir
17%
10 10.5 Maine-et-Loire
17%
13 10.2 Mayenne
17%
Aucun quiz correspondant
Distribution des résultats
% des personnes avec chaque résultat
Percentile par nombre de réponses
Votre historique - résultats
Vous n’avez pas pris ce quiz